01403nam a2200361Ia 4500001001200000003000800012006001900020007001500039008004100054010001700095020001500112040002100127035002000148050002700168082001400195245011200209250001200321260007900333300002400412490001700436500001800453500002000471504005100491533015200542630002000694650002300714655002900737700001800766710009600784710001700880830001800897856012600915ebr10112453CaPaEBRm u cr cn|||||||||050923s2005 caua sb 001 0 eng d z 2005280317 z0738490571 aCaPaEBRcCaPaEBR a(OCoLC)6144750314aQA76.9.A25bM85 2005eb04a005.822200aMultilevel security and DB2 row-level security revealedh[electronic resource] /c[Chris Rayns ... et al.]. a1st ed. aSan Jose, CA :bIBM, International Technical Support Organization,cc2005. axiv, 216 p. :bill.1 aIBM redbooks a"April 2005." a"SG24-6480-00." aIncludes bibliographical references and index. aElectronic reproduction.bPalo Alto, Calif. :cebrary,d2009.nAvailable via World Wide Web.nAccess may be limited to ebrary affiliated libraries.00aIBM Database 2. 0aComputer security. 7aElectronic books.2local1 aRayns, Chris.2 aInternational Business Machines Corporation.bInternational Technical Support Organization.2 aebrary, Inc. 0aIBM redbooks.40uhttp://site.ebrary.com/lib/rucke/Doc?id=10112453zAn electronic book accessible through the World Wide Web; click to view